000 00266nam a22001217a 4500
008 171123b xxu||||| |||| 00| 0 eng d
041 _aeng
080 _a721
100 _a41
101 _aNDE
245 _aPOST-FRAME BUILDING DESIGN
_cWALKER,J.N
942 _2udc
_cBK
999 _c38376
_d38376